| 000 | 00613 a2200205 4500 | ||
|---|---|---|---|
| 999 |
_c11150 _d11150 |
||
| 020 | _a9781259922145 | ||
| 050 |
_aLB 1050 _bSAN 2018 |
||
| 100 |
_aSantrock,John W _eAuthor |
||
| 245 |
_aEducational psychology / _cJohn W .Santrock |
||
| 250 | _asixth edition | ||
| 264 |
_aNew York: _bMcGrawHill, _c2018 |
||
| 300 |
_a568 pages. _billustratios |
||
| 336 |
_2rdacontent _atext _btxt |
||
| 337 |
_2rdamedia _aunmediated _bn |
||
| 338 |
_2rdacarrier _avolume _bnc |
||
| 500 | _a Includes index | ||
| 650 | _aEducational psychology | ||
| 650 | _acognitive and language develpment | ||
| 942 |
_2lcc _cBK _h1050 _iSKI _kLB |
||